Skoki Narciarskie - Najlepsi Francuzi w PŚ w XXI wieku - Statystyki

Ogólne statystyki
  • Ten quiz został rozwiązany 103 razy
  • Średni wynik to 12 z 24
Statystyki odpowiedzi
Sezon Skoczek % Poprawnych
2020/21 Valentin Foubert
89%
2023/24 Valentin Foubert
89%
2024/25 Valentin Foubert
89%
2011/12 Vincent Descombes Sevoie
63%
2012/13 Vincent Descombes Sevoie
63%
2014/15 Vincent Descombes Sevoie
63%
2015/16 Vincent Descombes Sevoie
63%
2016/17 Vincent Descombes Sevoie
63%
2003/04 Emmanuel Chedal
57%
2008/09 Emmanuel Chedal
57%
2009/10 Emmanuel Chedal
57%
2010/11 Emmanuel Chedal
57%
2000/01 Nicolas Dessum
41%
2001/02 Nicolas Dessum
41%
2002/03 Nicolas Dessum
41%
2004/05 Nicolas Dessum
41%
2017/18 Jonathan Learoyd
30%
2018/19 Jonathan Learoyd
30%
2013/14 Ronan Lamy Chappuis
28%
2019/20 Mathis Contamine
20%
2021/22 Mathis Contamine
20%
2005/06 David Lazzaroni
17%
2006/07 David Lazzaroni
17%
2007/08 David Lazzaroni
17%
Nie znaleziono quizów pasujących do podanych kryteriów
Rozkład punktacji
Procent ludzi z każdym wynikiem
Percentyl według liczby udzielonych odpowiedzi
Twoja historia wyników
Nie rozwiązałeś tego quizu